Les tenniswomen présentes dans le top 10 WTA depuis 2010 - Statistiques

Statistiques générales
  • Ce quiz a été pris 199 fois
  • Le résultat moyen est 30 sur 54
Statistiques - réponses
Dernière d'apparition Nombre d'apparitions Tenniswoman % Correct
2023 3 Iga Świątek
96%
2019 7 Serena Williams
96%
2017 3 Venus Williams
95%
2023 4 Aryna Sabalenka
94%
2023 2 Coco Gauff
85%
2022 2 Caroline Garcia
84%
2022 8 Simona Halep
81%
2023 1 Elena Rybakina
78%
2021 3 Ashleigh Barty
77%
2017 1 Jeļena Ostapenko
77%
2015 5 Maria Sharapova
76%
2023 3 Ons Jabeur
76%
2013 4 Victoria Azarenka
76%
2018 6 Angelique Kerber
73%
2021 4 Garbiñe Muguruza
73%
2020 3 Naomi Osaka
73%
2018 7 Caroline Wozniacki
72%
2014 4 Li Na
70%
2023 2 Jessica Pegula
68%
2020 8 Petra Kvitová
68%
2021 6 Karolína Plíšková
67%
2023 1 Markéta Vondroušová
67%
2023 3 María Sákkari
66%
2020 4 Elina Svitolina
65%
2011 1 Marion Bartoli
63%
2021 1 Paula Badosa
63%
2016 1 Madison Keys
61%
2018 1 Sloane Stephens
60%
2023 2 Barbora Krejčíková
57%
2013 2 Sara Errani
51%
2020 1 Sofia Kenin
49%
2014 1 Ana Ivanović
47%
2023 1 Karolína Muchová
47%
2020 2 Bianca Andreescu
46%
2010 1 Kim Clijsters
46%
2010 1 Francesca Schiavone
44%
2012 3 Samantha Stosur
44%
2019 1 Belinda Bencic
43%
2022 2 Daria Kasatkina
42%
2015 1 Flavia Pennetta
40%
2016 6 Agnieszka Radwańska
38%
2013 2 Jelena Janković
38%
2016 1 Svetlana Kuznetsova
37%
2014 1 Eugenie Bouchard
34%
2017 2 Johanna Konta
32%
2021 1 Anett Kontaveit
29%
2010 1 Elena Dementieva
27%
2016 1 Dominika Cibulková
26%
2015 1 Lucie Šafářová
26%
2020 3 Kiki Bertens
23%
2011 2 Vera Zvonareva
19%
2022 1 Veronika Kudermetova
19%
2011 1 Andrea Petkovic
15%
2017 1 Coco Vandeweghe
10%
Aucun quiz correspondant
Distribution des résultats
% des personnes avec chaque résultat
Percentile par nombre de réponses
Votre historique - résultats
Vous n’avez pas pris ce quiz